A course in mathematical logic /

Guardado en:
Autor Principal: Bell, J. L.
Otros Autores: Machover, Moshé.
Formato: Libro
Idioma:English
Publicado: Amsterdam : North-Holland, 1977.
Materias:
Acceso en línea:Publisher description
Etiquetas: Agregar Etiqueta
Sin Etiquetas, Sea el primero en etiquetar este registro!
LEADER 00821cam a2200229 a 4500
001 MAT.inmabb004374
008 751007s1977####ne#######b####001#0#eng##
005 20151110151650.0
245 1 2 |a A course in mathematical logic /  |c by J. L. Bell and M. Machover. 
260 |a Amsterdam :  |b North-Holland,  |c 1977. 
300 |a xviii, 599 p. ;  |c 23 cm. 
504 |a Incluye referencias bibliográficas (p. [576]-583) e índices. 
510 4 |a MR,  |c 57 #12155 
020 |a 0720428440 
100 1 |a Bell, J. L.  |q (John Lane) 
700 1 |a Machover, Moshé. 
650 0 |a Logic, Symbolic and mathematical. 
084 |a 03-01 (03Bxx)  |2 msc2000 
010 |a  75033890  
040 |a DLC  |c DLC  |d DLC 
856 4 2 |3 Publisher description  |u http://www.loc.gov/catdir/enhancements/fy0601/75033890-d.html 
859 |h 03  |i B433c  |p A-4610  |b BIB. MATEMATICA